Nástin hospodářských dějin v období kapitalismu a socialismu

Na minha lista:
Detalhes bibliográficos
Autor principal: Průcha, Václav
Formato: Livro
Idioma:tcheco
Publicado em: Praha Svoboda 1982
Tags: Adicionar Tag
Sem tags, seja o primeiro a adicionar uma tag!

MARC

LEADER 00000nam a2200000 4500
001 c131766
005 20230105083808.4
041 0 |a cze 
044 |a CZ 
245 1 0 |a Nástin hospodářských dějin v období kapitalismu a socialismu  |c Václav Průcha a kol. 
264 1 |a Praha  |b Svoboda  |c 1982 
300 |a 409 s. 
100 1 |a Průcha, Václav